[Event "Antioquia op-B"]
[Site "Medellin"]
[Date "2017.05.01"]
[Round "7"]
[White "Enciso Mona, Francisco"]
[Black "Zuluaga, Silvio"]
[Result "0-1"]
[WhiteElo "1644"]
[BlackElo "1711"]
[PlyCount "51"]
[EventDate "2017.04.27"]
[EventType "swiss"]
[EventRounds "7"]
[EventCountry "COL"]
[SourceTitle "EXT 2019"]
[Source "ChessBase"]
[SourceDate "2018.10.10"]
[SourceVersion "1"]
[SourceVersionDate "2018.10.10"]
[SourceQuality "1"]

1. e4 c5 2. Nf3 d6 3. d4 cxd4 4. Nxd4 Nf6 5. Nc3 a6 6. Bg5 Nc6 7. Qd2 e6 8. f4 Be7 9. 0-0-0 Qc7 10. Rg1 Bd7 11. g4 Nxd4 12. Qxd4 Qc5 13. Qxc5 dxc5 14. e5 Ng8 15. Bxe7 Kxe7 16. Bg2 Rb8 17. Ne4 b6 18. Rd6 Nh6 19. Rgd1 Rhd8 20. h3 Be8 21. Rxd8 Rxd8 22. Rxd8 Kxd8 23. Kd2 Kc7 24. c3 Bc6 25. Ke2 Bxe4 26. Bxe4 0-1